[Event "Titled Tuesday intern op 02nd Apr Late"]
[Site "Chess.com INT"]
[Date "2024.04.02"]
[Round "1"]
[White "Nilssen, Ellen Fredericia"]
[Black "Olenik Campa, Rudi"]
[Result "0-1"]
[WhiteElo "2195"]
[BlackElo "2301"]
[PlyCount "138"]
[EventDate "2024.04.02"]
[EventType "swiss (blitz)"]
[EventRounds "11"]
[EventCountry "USA"]
[SourceTitle "CB15_2024"]
[SourceDate "2024.04.10"]
[SourceVersion "1"]
[SourceVersionDate "2024.04.10"]
[SourceQuality "1"]

1. Nf3 g6 2. d4 Bg7 3. g3 b6 4. Bg2 Bb7 5. 0-0 f5 6. Nc3 Nf6 7. Re1 0-0 8. Bg5 e6 9. Bxf6 Bxf6 10. e4 Bg7 11. Qd3 fxe4 12. Nxe4 Nc6 13. c3 Ne7 14. Re2 a5 15. Rae1 Nf5 16. Ne5 Ba6 17. c4 c5 18. Nxc5 bxc5 19. Bxa8 Qxa8 20. Nxd7 Nxd4 21. Nxf8 Nf3+ 22. Kf1 Nxh2+ 23. Kg1 Nf3+ 24. Kf1 Nxe1 25. Kxe1 Bxf8 26. Qd7 Bc8 27. Qe8 Qb7 28. b3 Bd7 29. Qd8 a4 30. Re3 Kf7 31. Ke2 axb3 32. Rf3+ Qxf3+ 33. Kxf3 Bc6+ 34. Ke2 bxa2 35. Qc7+ Be7 36. Qa7 h6 37. Qxa2 Be4 38. Qd2 h5 39. Qf4+ Bf5 40. f3 g5 41. Qe5 g4 42. fxg4 hxg4 43. Kd2 Bg5+ 44. Ke2 Be7 45. Qf4 Kg6 46. Qc7 Kf7 47. Kd2 Kf6 48. Kc3 Bf8 49. Kb3 Be7 50. Ka4 Kf7 51. Kb5 Be4 52. Kb6 Ke8 53. Ka7 Kf7 54. Kb8 Ke8 55. Kc8 Kf7 56. Qd7 Bf5 57. Qc7 Be4 58. Qf4+ Bf5 59. Qh6 Bf8 60. Qh5+ Kf6 61. Kd7 e5+ 62. Ke8 Bg6+ 63. Qxg6+ Kxg6 64. Kxf8 e4 65. Ke7 e3 66. Kd6 e2 67. Kxc5 e1Q 68. Kb6 Qxg3 69. c5 Qb8+ 0-1

[Event "Titled Tuesday intern op 02nd Apr Late"]
[Site "Chess.com INT"]
[Date "2024.04.02"]
[Round "2"]
[White "Olenik Campa, Rudi"]
[Black "Biastoch, Bennet"]
[Result "1/2-1/2"]
[WhiteElo "2301"]
[BlackElo "2211"]
[PlyCount "123"]
[EventDate "2024.04.02"]
[EventType "swiss (blitz)"]
[EventRounds "11"]
[EventCountry "USA"]
[SourceTitle "CB15_2024"]
[SourceDate "2024.04.10"]
[SourceVersion "1"]
[SourceVersionDate "2024.04.10"]
[SourceQuality "1"]

1. e4 c5 2. Nf3 d6 3. b3 Nf6 4. d3 e5 5. Be2 Be7 6. a4 0-0 7. 0-0 Nc6 8. Na3 Ne8 9. Nc4 f5 10. exf5 Bxf5 11. Ne3 Be6 12. Bb2 h6 13. c4 Bg5 14. Nd2 Bxe3 15. fxe3 Nf6 16. Bf3 Qd7 17. Qe2 Rf7 18. Ne4 Nxe4 19. dxe4 Raf8 20. Rad1 Qe7 21. Qf2 Bg4 22. Qg3 Bxf3 23. Rxf3 Rxf3 24. gxf3 Rf6 25. Kf2 a5 26. h4 b6 27. Bc3 Qf7 28. Rg1 Nb8 29. Qg4 Nd7 30. h5 Nf8 31. Rd1 Qe6 32. Kg3 Qxg4+ 33. Kxg4 Kf7 34. Be1 g5 35. Bg3 Nh7 36. f4 gxf4 37. exf4 exf4 38. Bxf4 Re6 39. Rxd6 Nf6+ 40. Kf5 Rxd6 41. Bxd6 Nxh5 42. Bc7 Ng7+ 43. Kg4 h5+ 44. Kh4 Ne6 45. Bxb6 Nd4 46. Bxa5 Nxb3 47. Bb6 Ke6 48. a5 Kd7 49. Kxh5 Nd2 50. Bxc5 Nxe4 51. Bb6 Nd2 52. c5 Nb3 53. Kg5 Nxc5 54. Bxc5 Kc6 55. a6 Kc7 56. Ba7 Kc6 57. Bd4 Kc7 58. Kf5 Kb8 59. Ke6 Ka8 60. Kd6 Kb8 61. Kc6 Ka8 62. Kc7 1/2-1/2

[Event "Titled Tuesday intern op 02nd Apr Early"]
[Site "Chess.com INT"]
[Date "2024.04.02"]
[Round "2"]
[White "Olenik Campa, Rudi"]
[Black "Taher, Yoseph Theolifus"]
[Result "0-1"]
[WhiteElo "2301"]
[BlackElo "2445"]
[PlyCount "124"]
[EventDate "2024.04.02"]
[EventType "swiss (blitz)"]
[EventRounds "11"]
[EventCountry "USA"]
[SourceTitle "CB15_2024"]
[SourceDate "2024.04.10"]
[SourceVersion "1"]
[SourceVersionDate "2024.04.10"]
[SourceQuality "1"]

1. e4 c5 2. Nf3 g6 3. c3 Nf6 4. Bd3 Bg7 5. Bc2 d6 6. 0-0 Bg4 7. d4 cxd4 8. cxd4 Nc6 9. Be3 Nd7 10. Nc3 Bxf3 11. gxf3 e5 12. dxe5 dxe5 13. Nd5 0-0 14. Kh1 Nd4 15. Bxd4 exd4 16. f4 Nf6 17. Nxf6+ Qxf6 18. Qg4 d3 19. Bxd3 Qxb2 20. e5 Qd4 21. Rad1 Qa4 22. Qe2 Qxf4 23. e6 Be5 24. exf7+ Rxf7 25. f3 Kg7 26. Be4 Rc8 27. Qd2 Qh4 28. Qf2 Qf6 29. Qxa7 b6 30. Qa6 Rc3 31. Qe2 Qf4 32. Rg1 Re3 33. Qg2 Qh6 34. Rd5 Bf6 35. Rd6 Rc3 36. Rxb6 Rc1 37. Rb1 Rxg1+ 38. Rxg1 Be5 39. a4 Qf4 40. Rd1 Qe3 41. Qd2 Rxf3 42. Qxe3 Rxe3 43. Bg2 Ra3 44. Bc6 Ra2 45. Bg2 Rxa4 46. h3 Ra2 47. Rf1 h5 48. Rf3 Kh6 49. Rf1 Kg5 50. Rg1 Kh4 51. Re1 Bf4 52. Rf1 g5 53. Rf3 Be5 54. Rf1 Re2 55. Rd1 Bf4 56. Rf1 Be3 57. Rf3 Bf2 58. Kh2 Rd2 59. Ra3 Bd4 60. Ra4 g4 61. hxg4 hxg4 62. Ra8 Rc2 0-1

[Event "Titled Tuesday intern op 02nd Apr Early"]
[Site "Chess.com INT"]
[Date "2024.04.02"]
[Round "3"]
[White "Parfenov, Viktor N"]
[Black "Olenik Campa, Rudi"]
[Result "0-1"]
[WhiteElo "2193"]
[BlackElo "2301"]
[PlyCount "96"]
[EventDate "2024.04.02"]
[EventType "swiss (blitz)"]
[EventRounds "11"]
[EventCountry "USA"]
[SourceTitle "CB15_2024"]
[SourceDate "2024.04.10"]
[SourceVersion "1"]
[SourceVersionDate "2024.04.10"]
[SourceQuality "1"]

1. e4 g6 2. d4 Bg7 3. Nc3 c6 4. Nf3 d5 5. h3 dxe4 6. Nxe4 Nf6 7. Nxf6+ exf6 8. Bd3 0-0 9. 0-0 a5 10. c3 a4 11. a3 b5 12. Bf4 Be6 13. Re1 Nd7 14. Qd2 Nb6 15. Bh6 Bc4 16. Bxg7 Kxg7 17. Be4 Bd5 18. Qf4 Nc4 19. Re2 Qd7 20. Rae1 Bxe4 21. Qxe4 Rfe8 22. Qc2 Rxe2 23. Rxe2 Re8 24. Rxe8 Qxe8 25. Kf1 f5 26. Nd2 Nd6 27. Qd3 Qe6 28. Qe2 Kf6 29. Qxe6+ Kxe6 30. Ke2 Kd5 31. Kd3 Ne4 32. Nxe4 fxe4+ 33. Ke3 f5 34. g4 Kc4 35. gxf5 gxf5 36. Kf4 Kb3 37. Kxf5 Kxb2 38. Kxe4 Kxa3 39. f4 Kb3 40. f5 a3 41. f6 a2 42. f7 a1Q 43. f8Q Qe1+ 44. Kd3 Qd1+ 45. Ke3 Qe1+ 46. Kd3 Qxc3+ 47. Ke4 Qxh3 48. Qf7+ Kc3 0-1

[Event "Mitropa Cup"]
[Site "Apolda"]
[Date "2024.02.22"]
[Round "8.20"]
[White "Olenik Campa, Rudi"]
[Black "Svane, Frederik"]
[Result "1/2-1/2"]
[WhiteElo "2299"]
[BlackElo "2618"]
[PlyCount "82"]
[EventDate "2024.02.15"]
[EventType "team-tourn"]
[EventRounds "9"]
[EventCountry "GER"]
[SourceTitle "CB09_2024"]
[SourceDate "2024.02.28"]
[SourceVersion "1"]
[SourceVersionDate "2024.02.28"]
[SourceQuality "1"]
[WhiteTeam "Slovenia"]
[BlackTeam "Germany"]
[WhiteTeamCountry "SLO"]
[BlackTeamCountry "GER"]

1. e4 c5 2. Nf3 d6 3. Bb5+ Nd7 4. a4 a6 5. Be2 Ngf6 6. Nc3 b6 7. d4 cxd4 8. Qxd4 Bb7 9. 0-0 e6 10. Rd1 Qc7 11. Be3 Ng4 12. Bg5 Nge5 13. Nd2 Rc8 14. Qe3 h6 15. Qh3 Rg8 16. Be3 g5 17. f4 gxf4 18. Bxf4 Nf6 19. Bxe5 Qc5+ 20. Kh1 Qxe5 21. Rf1 Be7 22. Rad1 Rg6 23. Rf2 Qc5 24. Rdf1 Kd7 25. Nb3 Qg5 26. Bf3 Kc7 27. Nc1 h5 28. Nd3 Ng4 29. Re2 Kb8 30. Qg3 Ne5 31. Qxg5 Rxg5 32. Nxe5 Rxe5 33. Nd1 Rec5 34. c3 Bc6 35. b3 Be8 36. c4 b5 37. axb5 axb5 38. Nb2 bxc4 39. Nxc4 Bb5 40. Rd1 Kc7 41. Ra2 Bxc4 1/2-1/2

[Event "Titled Tuesday intern op 16th Jan Early"]
[Site "Chess.com INT"]
[Date "2024.01.16"]
[Round "3"]
[White "Klepikov, Nikita"]
[Black "Olenik Campa, Rudi"]
[Result "0-1"]
[WhiteElo "2059"]
[BlackElo "2299"]
[PlyCount "108"]
[EventDate "2024.01.16"]
[EventType "swiss (blitz)"]
[EventRounds "11"]
[EventCountry "USA"]
[SourceTitle "CB04_2024"]
[SourceDate "2023.10.16"]
[SourceVersion "1"]
[SourceVersionDate "2023.10.16"]
[SourceQuality "1"]

1. e4 e6 2. d3 d5 3. Nd2 Nc6 4. Ngf3 Nf6 5. g3 dxe4 6. dxe4 e5 7. Bb5 Bd6 8. 0-0 0-0 9. Re1 Bd7 10. c3 Qe7 11. Nc4 a6 12. Nxd6 cxd6 13. Bd3 Bg4 14. Bf1 Rad8 15. h3 Bc8 16. Bg5 h6 17. Bxf6 Qxf6 18. Bg2 Be6 19. Qe2 Na5 20. b3 Rc8 21. c4 Nc6 22. Rad1 Rfd8 23. Qe3 Qe7 24. Qb6 Qc7 25. Qxc7 Rxc7 26. Rd2 Kf8 27. Red1 Ke7 28. Bf1 f5 29. exf5 Bxf5 30. g4 Be4 31. Bg2 Bxf3 32. Bxf3 Nd4 33. Bd5 Rf8 34. Kg2 b5 35. Re1 Kd7 36. Re4 g5 37. Rd3 b4 38. Re1 a5 39. Kg3 Kc8 40. Rh1 Ne2+ 41. Kh2 Rxf2+ 42. Bg2 Rxg2+ 43. Kxg2 Nf4+ 44. Kf3 Nxd3 45. Ke4 Nf4 46. h4 a4 47. hxg5 hxg5 48. Rh8+ Kb7 49. Rg8 axb3 50. axb3 Ne6 51. Kd5 Nc5 52. Kxd6 Nxb3 53. Rxg5 Nd2 54. c5 Ne4+ 0-1

[Event "Titled Tuesday intern op 16th Jan Early"]
[Site "Chess.com INT"]
[Date "2024.01.16"]
[Round "5"]
[White "Olenik Campa, Rudi"]
[Black "Delgado Kuffo, Andres"]
[Result "0-1"]
[WhiteElo "2299"]
[BlackElo "2320"]
[PlyCount "42"]
[EventDate "2024.01.16"]
[EventType "swiss (blitz)"]
[EventRounds "11"]
[EventCountry "USA"]
[SourceTitle "CB04_2024"]
[SourceDate "2023.10.16"]
[SourceVersion "1"]
[SourceVersionDate "2023.10.16"]
[SourceQuality "1"]

1. e4 e6 2. d4 d5 3. exd5 exd5 4. Bd3 Nc6 5. c3 Bd6 6. Nf3 Bg4 7. 0-0 Qd7 8. Nbd2 Nge7 9. Re1 0-0-0 10. a4 Ng6 11. b4 Rde8 12. Rxe8+ Rxe8 13. a5 Nh4 14. b5 Nd8 15. b6 a6 16. bxc7 Qxc7 17. h3 Bxf3 18. Nxf3 Nxf3+ 19. Qxf3 Re1+ 20. Bf1 Bh2+ 21. Kh1 Rxf1# 0-1

[Event "Titled Tuesday intern op 09th Jan Early"]
[Site "Chess.com INT"]
[Date "2024.01.09"]
[Round "10"]
[White "Olenik Campa, Rudi"]
[Black "Csonka, Balazs"]
[Result "1-0"]
[WhiteElo "2299"]
[BlackElo "2479"]
[PlyCount "109"]
[EventDate "2024.01.09"]
[EventType "swiss (blitz)"]
[EventRounds "11"]
[EventCountry "USA"]
[SourceTitle "CB03_2024"]
[SourceDate "2024.01.17"]
[SourceVersion "1"]
[SourceVersionDate "2024.01.17"]
[SourceQuality "1"]

1. e4 c5 2. Nf3 e6 3. c4 Nc6 4. Be2 g5 5. d3 h6 6. Nc3 Bg7 7. Be3 d6 8. h3 Nd4 9. Qd2 Ne7 10. Rb1 Nec6 11. 0-0 0-0 12. Nh2 f5 13. exf5 exf5 14. f4 Nxe2+ 15. Nxe2 g4 16. hxg4 fxg4 17. d4 Bf5 18. Rbd1 b6 19. dxc5 dxc5 20. Ng3 Qxd2 21. Rxd2 Bh7 22. Nxg4 Rad8 23. Rfd1 Bxb2 24. Nxh6+ Kg7 25. Ng4 Rxd2 26. Rxd2 Bc3 27. Rd7+ Rf7 28. Rd6 Nd4 29. Nh5+ Kf8 30. Nhf6 Bd3 31. Rd8+ Ke7 32. Re8+ Kd6 33. f5 Nxf5 34. Bf4+ Kc6 35. Rc8+ Kb7 36. Rb8+ Ka6 37. Nd5 Bxc4 38. Nxc3 Nd4 39. g3 Nc6 40. Rc8 Nb4 41. a3 Nd3 42. Ne2 Nxf4 43. Nxf4 Ka5 44. Ne5 Rg7 45. Nxc4+ Kb5 46. Nd6+ Ka4 47. Kf2 Kxa3 48. Kf3 a5 49. g4 a4 50. Nf5 Rh7 51. g5 b5 52. g6 Rh1 53. g7 Rf1+ 54. Kg4 Rg1+ 55. Ng3 1-0

[Event "Titled Tuesday intern op 09th Jan Early"]
[Site "Chess.com INT"]
[Date "2024.01.09"]
[Round "9"]
[White "Olenik Campa, Rudi"]
[Black "Osinovsky, Stepan"]
[Result "1-0"]
[WhiteElo "2299"]
[BlackElo "2241"]
[PlyCount "41"]
[EventDate "2024.01.09"]
[EventType "swiss (blitz)"]
[EventRounds "11"]
[EventCountry "USA"]
[SourceTitle "CB03_2024"]
[SourceDate "2024.01.17"]
[SourceVersion "1"]
[SourceVersionDate "2024.01.17"]
[SourceQuality "1"]

1. e4 e5 2. Nf3 Nc6 3. Bc4 Nf6 4. Qe2 Bc5 5. Ng5 0-0 6. Nxf7 Rxf7 7. Bxf7+ Kxf7 8. Qc4+ d5 9. Qxc5 Nxe4 10. Qe3 Nd4 11. Na3 Nf5 12. Qe2 Qh4 13. d3 Nd4 14. Qe3 Nf5 15. Qf3 Nf6 16. 0-0 Bd7 17. c3 Kg8 18. h3 Rf8 19. Re1 Bc6 20. Bd2 d4 21. Qxf5 1-0

[Event "Titled Tuesday intern op 09th Jan Early"]
[Site "Chess.com INT"]
[Date "2024.01.09"]
[Round "1"]
[White "Sasvatha, A."]
[Black "Olenik Campa, Rudi"]
[Result "0-1"]
[WhiteElo "1749"]
[BlackElo "2299"]
[PlyCount "52"]
[EventDate "2024.01.09"]
[EventType "swiss (blitz)"]
[EventRounds "11"]
[EventCountry "USA"]
[SourceTitle "CB03_2024"]
[SourceDate "2024.01.17"]
[SourceVersion "1"]
[SourceVersionDate "2024.01.17"]
[SourceQuality "1"]

1. Nc3 e5 2. b3 Nf6 3. Bb2 d5 4. e3 Nc6 5. Nge2 Be7 6. d4 exd4 7. exd4 0-0 8. Qd2 Ng4 9. f3 Bg5 10. Qd3 Nh6 11. a3 Bf5 12. Qd1 Re8 13. g3 Be3 14. Na4 Qf6 15. c3 Be4 16. Bg2 Bxf3 17. Bxf3 Qxf3 18. Rf1 Qg2 19. h4 Ng4 20. Nc5 Bf2+ 21. Kd2 Ne3 22. Qc1 Nc4+ 23. Kc2 Rxe2+ 24. Kb1 Rxb2+ 25. Qxb2 Nxb2 26. Kxb2 Bxd4+ 0-1

[Event "Wch U16"]
[Site "Montesilvano"]
[Date "2023.11.22"]
[Round "9"]
[White "Olenik Campa, Rudi"]
[Black "Aswath, S."]
[Result "1/2-1/2"]
[WhiteElo "2294"]
[BlackElo "2373"]
[PlyCount "88"]
[EventDate "2023.11.13"]
[EventType "swiss"]
[EventRounds "11"]
[EventCountry "ITA"]
[SourceTitle "CB48_2023"]
[SourceDate "2023.11.29"]
[SourceVersion "1"]
[SourceVersionDate "2023.11.29"]
[SourceQuality "1"]

1. e4 c5 2. Nf3 d6 3. Bb5+ Bd7 4. Bxd7+ Qxd7 5. 0-0 Nf6 6. Re1 Nc6 7. d4 cxd4 8. Nxd4 e6 9. c4 Be7 10. Nc3 0-0 11. b3 a6 12. a4 Rfd8 13. Ba3 Rac8 14. Rc1 Ne5 15. Qe2 Qc7 16. Red1 Qb6 17. h3 Bf8 18. Qe3 Ng6 19. Rb1 Qa5 20. Nde2 Be7 21. Qg3 b5 22. b4 Qb6 23. c5 dxc5 24. Rxd8+ Qxd8 25. axb5 axb5 26. bxc5 Bxc5 27. Bxc5 Rxc5 28. Qe3 Rc8 29. Rxb5 h5 30. Rb1 Qa5 31. Rb5 Qa1+ 32. Rb1 Qa3 33. Qd4 Qa6 34. Qb6 Qd3 35. Rd1 Qc2 36. Rd8+ Rxd8 37. Qxd8+ Kh7 38. Qd4 h4 39. Qe3 e5 40. Kh2 Kg8 41. Kg1 Nf8 42. Qg5 Ng6 43. Qe3 Ne7 44. Qc5 Ng6 1/2-1/2

[Event "Wch U16"]
[Site "Montesilvano"]
[Date "2023.11.21"]
[Round "8"]
[White "Wendl, Philipp"]
[Black "Olenik Campa, Rudi"]
[Result "0-1"]
[WhiteElo "2164"]
[BlackElo "2294"]
[PlyCount "118"]
[EventDate "2023.11.13"]
[EventType "swiss"]
[EventRounds "11"]
[EventCountry "ITA"]
[SourceTitle "CB48_2023"]
[SourceDate "2023.11.29"]
[SourceVersion "1"]
[SourceVersionDate "2023.11.29"]
[SourceQuality "1"]

1. c4 g6 2. Nc3 Bg7 3. d4 d6 4. Nf3 Nf6 5. e4 0-0 6. Be2 e5 7. 0-0 Bg4 8. d5 a5 9. Ne1 Bd7 10. Nd3 Na6 11. a3 a4 12. f3 Qe8 13. Be3 b6 14. Qd2 h5 15. Rae1 Nh7 16. Bd1 Nc5 17. Bc2 Qd8 18. Qd1 Nxd3 19. Bxd3 f5 20. f4 g5 21. g3 gxf4 22. gxf4 fxe4 23. Bxe4 Qh4 24. Bf2 Qxf4 25. Qxh5 Nf6 26. Qh4 Nxe4 27. Nxe4 Qxh4 28. Bxh4 Bh3 29. Rf2 Rxf2 30. Kxf2 Rf8+ 31. Kg3 Bf1 32. Nd2 Bd3 33. Re3 e4 34. Nxe4 Be5+ 35. Kh3 Bxc4 36. Nc3 Rf4 37. Bd8 Rf7 38. Kg2 Bf1+ 39. Kh1 b5 40. h4 Kf8 41. Bg5 Ke8 42. Ne4 Kd7 43. Nf6+ Kc8 44. h5 Bc4 45. Rxe5 dxe5 46. h6 Bd3 47. Kg2 Kb7 48. Kg3 Bg6 49. Kg4 Ka6 50. Kh4 b4 51. axb4 Kb5 52. Ng4 Rf5 53. Ne3 Rf2 54. Be7 Rxb2 55. Kg5 Bh7 56. Bf6 a3 57. Bxe5 Re2 58. Kf4 a2 59. Bc3 Re1 0-1

[Event "Wch U16"]
[Site "Montesilvano"]
[Date "2023.11.18"]
[Round "6"]
[White "Ciric, Pavle"]
[Black "Olenik Campa, Rudi"]
[Result "1/2-1/2"]
[WhiteElo "2080"]
[BlackElo "2294"]
[PlyCount "116"]
[EventDate "2023.11.13"]
[EventType "swiss"]
[EventRounds "11"]
[EventCountry "ITA"]
[SourceTitle "CB48_2023"]
[SourceDate "2023.11.29"]
[SourceVersion "1"]
[SourceVersionDate "2023.11.29"]
[SourceQuality "1"]

1. Nf3 Nf6 2. g3 g6 3. Bg2 Bg7 4. 0-0 0-0 5. d4 d6 6. c4 Nc6 7. Nc3 e5 8. dxe5 dxe5 9. Bg5 Be6 10. Qc1 Qc8 11. Rd1 Nd7 12. Bh6 f5 13. Bxg7 Kxg7 14. Nd5 h6 15. b4 e4 16. Qc3+ Kh7 17. b5 exf3 18. bxc6 bxc6 19. Nf4 fxe2 20. Rd2 Nb6 21. Rxe2 Bxc4 22. Re7+ Rf7 23. Rxf7+ Bxf7 24. Qxc6 Qh8 25. Re1 Re8 26. Rxe8 Qxe8 27. Qxc7 Qd7 28. Qxd7 Nxd7 29. Bd5 Kg7 30. h4 g5 31. hxg5 hxg5 32. Bxf7 Kxf7 33. Nd3 Ke6 34. Kf1 Kd5 35. Ke2 a5 36. Ne1 Nc5 37. Ke3 Ne4 38. Nc2 Nc3 39. a3 Kc4 40. Kd2 Nd5 41. Ne1 Kb3 42. Nc2 Ne7 43. Kd3 a4 44. Kd2 Nc6 45. f4 gxf4 46. gxf4 Ne7 47. Kd3 Kb2 48. Kd2 Nd5 49. Nd4 Kxa3 50. Kc2 Ne7 51. Kc3 Ka2 52. Kc2 Ka1 53. Kc1 Nd5 54. Nxf5 Nxf4 55. Nd4 Ka2 56. Kc2 Nd5 57. Nb5 Nb4+ 58. Kc3 Nd5+ 1/2-1/2

[Event "Wch U16"]
[Site "Montesilvano"]
[Date "2023.11.15"]
[Round "3"]
[White "Olenik Campa, Rudi"]
[Black "Southcott Moyers, Indy"]
[Result "1/2-1/2"]
[WhiteElo "2294"]
[BlackElo "2041"]
[PlyCount "105"]
[EventDate "2023.11.13"]
[EventType "swiss"]
[EventRounds "11"]
[EventCountry "ITA"]
[SourceTitle "CB48_2023"]
[SourceDate "2023.11.29"]
[SourceVersion "1"]
[SourceVersionDate "2023.11.29"]
[SourceQuality "1"]

1. Nf3 d5 2. g3 Nc6 3. d4 Bf5 4. Bg2 e6 5. 0-0 Nb4 6. Na3 Be7 7. c3 Nc6 8. Nd2 Nf6 9. f3 Bg6 10. Qb3 Rb8 11. e4 0-0 12. e5 Nd7 13. f4 Na5 14. Qb5 c5 15. g4 cxd4 16. cxd4 Nc6 17. Nb3 f5 18. exf6 Nxf6 19. Qe2 Ne4 20. Be3 Na5 21. Nd2 Bxa3 22. bxa3 Nd6 23. f5 exf5 24. Bxd5+ Bf7 25. Bxf7+ Rxf7 26. Nf3 f4 27. Bd2 Nc6 28. Ne5 Nxe5 29. dxe5 Qb6+ 30. Kh1 Qc6+ 31. Qf3 Qxf3+ 32. Rxf3 Nc4 33. e6 Re7 34. Bb4 Rxe6 35. Rxf4 Nb6 36. Raf1 h6 37. Rf8+ Rxf8 38. Rxf8+ Kh7 39. Rf7 Nd5 40. Rxb7 Nxb4 41. Rxb4 Re1+ 42. Kg2 Re2+ 43. Kg1 Rxa2 44. Ra4 Kg6 45. h4 Rc2 46. Ra6+ Kh7 47. Rxa7 Rc4 48. Kh2 Rxg4 49. Kh3 h5 50. a4 Rb4 51. a5 Rb3+ 52. Kg2 Rb4 53. Kg3 1/2-1/2

[Event "EU-ch U16 rapid"]
[Site "Terme Catez"]
[Date "2023.09.28"]
[Round "3"]
[White "Perea Fruet, Lorenzo"]
[Black "Olenik Campa, Rudi"]
[Result "1-0"]
[WhiteElo "2272"]
[BlackElo "2111"]
[PlyCount "63"]
[EventDate "2023.09.28"]
[EventType "swiss (rapid)"]
[EventRounds "9"]
[EventCountry "SLO"]
[SourceTitle "EXT 2024"]
[Source "ChessBase"]
[SourceDate "2023.10.10"]
[SourceVersion "1"]
[SourceVersionDate "2023.10.10"]
[SourceQuality "1"]

1. e4 e6 2. d4 d5 3. Nc3 Nc6 4. Nf3 Nf6 5. e5 Ne4 6. Ne2 f6 7. exf6 Qxf6 8. Ng3 Bd6 9. Bd3 Bb4+ 10. c3 Nxc3 11. bxc3 Bxc3+ 12. Bd2 Nxd4 13. Bxc3 Nxf3+ 14. gxf3 Qxc3+ 15. Kf1 Bd7 16. Rc1 Qe5 17. Kg2 0-0-0 18. Re1 Qd6 19. Qe2 Rde8 20. Qe5 Qxe5 21. Rxe5 Kb8 22. Nh5 Re7 23. Nf4 Ree8 24. a4 Bxa4 25. Nxe6 Bd7 26. Nc5 Bc8 27. Rxd5 c6 28. Rd4 g5 29. Be4 Re7 30. Rb4 Kc7 31. Ra1 a6 32. Rab1 1-0

[Event "Titled Tuesday intern op 26th Sep Early"]
[Site "Chess.com INT"]
[Date "2023.09.26"]
[Round "2"]
[White "Cieslak, Patryk"]
[Black "Olenik Campa, Rudi"]
[Result "1-0"]
[WhiteElo "2299"]
[BlackElo "2281"]
[PlyCount "78"]
[EventDate "2023.09.26"]
[EventType "swiss (blitz)"]
[EventRounds "11"]
[EventCountry "USA"]
[SourceTitle "EXT 2024"]
[Source "ChessBase"]
[SourceDate "2023.10.10"]
[SourceVersion "1"]
[SourceVersionDate "2023.10.10"]
[SourceQuality "1"]

1. d4 Nf6 2. Nf3 d5 3. Bf4 c5 4. e3 Nc6 5. c3 Qb6 6. Qc1 Bf5 7. Nbd2 g6 8. dxc5 Qxc5 9. Nb3 Qb6 10. Be2 Bg7 11. 0-0 0-0 12. Nbd4 Nxd4 13. exd4 Nh5 14. Bg5 Rfe8 15. Nh4 Nf6 16. Nxf5 gxf5 17. Bd3 Ne4 18. Be3 Qg6 19. f3 Nd6 20. Bf4 Rad8 21. Qc2 e6 22. Qa4 Bf8 23. Kh1 Kh8 24. Qxa7 Be7 25. Qb6 Rg8 26. Rg1 f6 27. Rae1 Qf7 28. a4 h5 29. Qb3 Rg7 30. Qc2 h4 31. Qe2 h3 32. g4 Ne4 33. gxf5 exf5 34. Rxg7 Kxg7 35. fxe4 fxe4 36. Rg1+ Kf8 37. Bh6+ Ke8 38. Bb5+ Rd7 39. Qg4 Bd6 1-0

[Event "Titled Tuesday intern op 26th Sep Early"]
[Site "Chess.com INT"]
[Date "2023.09.26"]
[Round "1"]
[White "Olenik Campa, Rudi"]
[Black "Song, Raymond"]
[Result "1-0"]
[WhiteElo "2281"]
[BlackElo "2516"]
[PlyCount "79"]
[EventDate "2023.09.26"]
[EventType "swiss (blitz)"]
[EventRounds "11"]
[EventCountry "USA"]
[SourceTitle "EXT 2024"]
[Source "ChessBase"]
[SourceDate "2023.10.10"]
[SourceVersion "1"]
[SourceVersionDate "2023.10.10"]
[SourceQuality "1"]

1. e4 c5 2. Nf3 e6 3. c4 Nc6 4. Be2 g5 5. d3 h6 6. Nc3 Bg7 7. h4 g4 8. Nd2 h5 9. Nb3 d6 10. Be3 Nd4 11. Qd2 Ne7 12. Bg5 Qb6 13. Nxd4 Bxd4 14. Nb5 Be5 15. a4 a6 16. a5 Qc6 17. Nc3 Bd7 18. Na4 f6 19. Be3 f5 20. Nb6 Rd8 21. 0-0-0 fxe4 22. dxe4 Qxe4 23. Bd3 Qc6 24. Bg5 Rf8 25. Rde1 Nf5 26. Be4 Qc7 27. Bxf5 Rxf5 28. Bxd8 Qxd8 29. Qh6 Qf6 30. Qh7 Qg7 31. Qxg7 Bxg7 32. Re2 Be5 33. g3 Bc6 34. Rhe1 Kd8 35. Kc2 Kc7 36. Rd2 Kd8 37. Ree2 Ke7 38. Nc8+ Kd7 39. Nb6+ Ke8 40. b3 1-0

[Event "Titled Tuesday intern op 26th Sep Early"]
[Site "Chess.com INT"]
[Date "2023.09.26"]
[Round "5"]
[White "Olenik Campa, Rudi"]
[Black "Tregubov, Pavel V"]
[Result "1/2-1/2"]
[WhiteElo "2281"]
[BlackElo "2567"]
[PlyCount "160"]
[EventDate "2023.09.26"]
[EventType "swiss (blitz)"]
[EventRounds "11"]
[EventCountry "USA"]
[SourceTitle "EXT 2024"]
[Source "ChessBase"]
[SourceDate "2023.10.10"]
[SourceVersion "1"]
[SourceVersionDate "2023.10.10"]
[SourceQuality "1"]

1. e4 c5 2. Nf3 e6 3. g3 d5 4. exd5 exd5 5. Bg2 Qe7+ 6. Qe2 Qxe2+ 7. Kxe2 Nc6 8. Re1 Nf6 9. Kf1+ Be7 10. Nc3 Bg4 11. Nb5 0-0-0 12. Nxa7+ Nxa7 13. Rxe7 Nc6 14. Re3 d4 15. Ra3 Nb4 16. d3 Nxc2 17. Ra8+ Kc7 18. Bf4+ Kb6 19. Rxd8 Rxd8 20. Rc1 Nb4 21. Ne5 Bf5 22. Ke2 Re8 23. Kd2 Nfd5 24. a3 Nxf4 25. gxf4 Na6 26. Nxf7 Re6 27. Ne5 Ka7 28. Rc4 b5 29. Rc1 Kb6 30. Nd7+ Ka7 31. Nxc5 Nxc5 32. Rxc5 Bg4 33. f3 Rh6 34. fxg4 Rxh2 35. Rc7+ Kb6 36. Rxg7 Rxg2+ 37. Kc1 h5 38. g5 h4 39. Rh7 Rg4 40. Rh6+ Kc7 41. g6 Rxf4 42. g7 Rg4 43. Rxh4 Rxg7 44. Rxd4 Kc6 45. Kc2 Rg2+ 46. Kc3 Kc5 47. Rh4 Kb6 48. Rh6+ Kc5 49. Rh5+ Kc6 50. Rh4 Kc5 51. d4+ Kc6 52. Rh6+ Kc7 53. b3 Rg4 54. Re6 Kb7 55. Kb4 Rxd4+ 56. Kxb5 Rd7 57. Rh6 Rg7 58. a4 Rg5+ 59. Kb4 Rf5 60. Ka3 Rg5 61. Rf6 Rh5 62. Rf3 Rh4 63. b4 Rg4 64. a5 Ka6 65. Ka4 Rg6 66. b5+ Kb7 67. a6+ Kb6 68. Rf4 Rh6 69. Kb4 Rg6 70. Kc4 Rh6 71. Rf5 Rh4+ 72. Kd3 Rg4 73. Rd5 Rh4 74. Ke3 Rg4 75. Rd4 Rg3+ 76. Ke4 Kxb5 77. a7 Ra3 78. Rd7 Kb6 79. Ke5 Rxa7 80. Rxa7 Kxa7 1/2-1/2